| 000 | 01153nam a2200289 i 4500 | ||
|---|---|---|---|
| 001 | 139033 | ||
| 003 | ES-MaACL | ||
| 005 | 20260303141512.0 | ||
| 007 | t| | ||
| 008 | 070214s1910 sp |||| |bspa d | ||
| 080 | _a355.49(460.18)"13" | ||
| 080 | _a355.49(460.18)"13" | ||
| 080 | _a94(460.18)"1312/50" | ||
| 100 | 1 |
_aSaralegui y Medina, Manuel de. _9103752 |
|
| 245 | 1 | 0 |
_aSilueta del Almirante de Castilla Don Alfonso Jofre de Tenorio / _cManuel de Saralegui y Medina ; prólogo del Excmo. Sr. D. Pedro de Novo y Colson. |
| 260 |
_aMadrid : _b[s.n.], _c1910 ( _fHijos de M.G. Hernández) |
||
| 300 |
_a132 p. ; _c19 cm. |
||
| 530 | _aDisponible en formato digital. | ||
| 600 | 1 | 7 |
_aJofre Tenorio, Alfonso, _d?-1340 _2 _9150768 |
| 651 | 4 |
_aCastilla (Reino)- _xHistoria- _y1312-1350, Alfonso XI. _9150769 |
|
| 651 | 4 |
_aCastilla (Reino)- _xHistoria naval. _9150770 |
|
| 700 | 1 |
_aNovo y Colson, Pedro de, _d1846-1931 _986091 |
|
| 852 |
_aES-MaACL _jF-10517 _cSPP2 |
||
| 856 | 4 |
_uhttp://bnedigital.bne.es/bd/es/card?id=54ebad9f-5509-49c3-b0eb-9fccb8c2e17b _y(Biblioteca Digital Hispánica) |
|
| 942 | _2udc | ||
| 999 |
_c139033 _d139033 |
||